[Event "ITA-ch U20 25th"]
[Site "Bratto"]
[Date "2002.08.28"]
[Round "9"]
[White "Braschi, Giancarlo"]
[Black "Buchicchio, Giampaolo"]
[Result "1/2-1/2"]
[WhiteElo "2124"]
[BlackElo "2188"]
[PlyCount "27"]
[EventDate "2002.08.20"]
[EventType "swiss"]
[EventRounds "9"]
[EventCountry "ITA"]
[SourceTitle "EXT 2007"]
[Source "ChessBase"]
[SourceDate "2006.11.23"]
[SourceVersion "1"]
[SourceVersionDate "2006.11.23"]
[SourceQuality "1"]

1. d4 d5 2. c4 c6 3. Nf3 Nf6 4. Nc3 a6 5. a4 e6 6. Bg5 Nbd7 7. e3 Qa5 8. Nd2 Bb4 9. Qc2 0-0 10. Bh4 e5 11. dxe5 Ne4 12. Ncxe4 dxe4 13. 0-0-0 Nxe5 14. Nxe4 1/2-1/2